| 000 | 01131pam a2200361 i 4500 | ||
|---|---|---|---|
| 999 |
_c265 _d265 |
||
| 001 | 019993425 | ||
| 003 | UkOxU | ||
| 005 | 20190805082516.0 | ||
| 008 | 140523s2014 enka j 000 0 eng d | ||
| 015 |
_aGBB468542 _2bnb |
||
| 020 | _a9781409583042 (pbk.) : | ||
| 035 | _a(Uk)016774952 | ||
| 040 |
_aStDuBDS _beng _cStDuBDS _dUk _erda |
||
| 041 | 0 |
_aeng _aspa |
|
| 042 | _aukblcatcopy | ||
| 082 | 0 | 4 |
_a461 AME _223 |
| 100 | 1 |
_aAmery, Heather, _eauthor. |
|
| 245 | 1 | 4 |
_aThe Usborne first thousand words in Spanish / _cHeather Amery ; illustrated by Stephen Cartwright. |
| 250 | _aRevised edition. | ||
| 264 | 1 |
_aLondon : _bUsborne, _c2014. |
|
| 300 |
_a64 pages : _billustrations (colour) ; _c31 cm |
||
| 336 |
_atext _2rdacontent |
||
| 336 |
_astill image _2rdacontent |
||
| 337 |
_aunmediated _2rdamedia |
||
| 338 |
_avolume _2rdacarrier |
||
| 500 |
_aFormerly CIP. _5Uk |
||
| 521 | 1 | _a5+. | |
| 546 | _aSpanish | ||
| 650 | 0 |
_aSpanish language _xVocabulary _vPictorial works _vJuvenile literature. |
|
| 700 | 1 |
_aCartwright, Stephen, _d1947-2004, _eillustrator. |
|
| 942 |
_2ddc _cNFIC |
||